200 suosituinta naisten nimeä alkukirjaimella H - Statistics

Yleistilastot
  • Tätä visaa on pelattu 513 kertaa
  • Keskiarvotulos 64 / 200
Vastaustilastot
% Oikein
Ha
99%
Hanna
97%
Hannah
97%
Hanne
94%
Heli
90%
Helmi
90%
Henna
90%
Hilma
89%
Heidi
87%
Heidy
87%
Hele
87%
Helen
87%
Helén
87%
Hellen
87%
Hannele
86%
Henni
86%
Henny
86%
Hilda
86%
Hilla
86%
Heleena
85%
Helena
85%
Helin
84%
Heini
81%
Helinä
81%
Helina
81%
Hertta
81%
Helle
80%
Hilja
80%
Hulda
80%
Helli
79%
Helly
79%
Hille
79%
Hillevi
77%
Hilkka
75%
Heliä
74%
Heljä
74%
Hanni
73%
Helga
73%
Henrica
73%
Henriika
73%
Henriikka
73%
Henrika
73%
Heta
68%
Helmiina
67%
Helmina
67%
Hellä
65%
Hella
65%
Hellevi
65%
Helka
64%
Hely
64%
Helvi
63%
Hanna-Mari
62%
Ho
59%
Hanna-Leena
58%
Henrietta
54%
Henrita
54%
Hai
52%
Hellin
52%
Hanna-Maria
51%
Hinni
49%
Hanna-Liisa
48%
Henna-Riikka
47%
Hanna-Riikka
46%
Hilppa
46%
Hanna-Maija
45%
Heili
45%
Hanna-Kaisa
44%
Halla
43%
Harriet
41%
Hana
39%
Hanaa
39%
Hanaan
39%
Hanan
39%
Hanane
39%
Haneen
39%
Hanin
39%
Helene
39%
Heléne
39%
Hélène
39%
Henna-Mari
39%
Hanna-Riitta
33%
Henna-Maria
33%
Hani
32%
Hania
32%
Hanieh
32%
Heidi-Maria
32%
Hera
29%
Hila
29%
Hanneli
28%
Hilde
26%
Hekla
24%
Hetta
24%
Hilve
23%
Hilkka-Liisa
22%
Hillamari
22%
Hanne-Mari
21%
Hilpi
21%
Havu
19%
Hedda
19%
Hedvig
19%
Helkky
19%
Helky
19%
Helma
19%
Henriette
19%
Hillamaria
17%
Hala
16%
Hildur
16%
Hui
16%
Halina
14%
Hymy
14%
Haidi
12%
Hagar
11%
Heine
11%
Hetti
11%
Hjördis
11%
Holly
11%
Helea
10%
Hira
10%
Haawo
8%
Hava
8%
Hawa
8%
Hawo
8%
Hedi
8%
Hedy
8%
Helpi
8%
Hero
8%
Hilta
8%
Hong
8%
Hailey
6%
Haley
6%
Hayley
6%
Heile
6%
Hildegard
6%
Heather
5%
Henja
5%
Henniina
5%
Hippu
5%
Hind
4%
Hinda
4%
Halima
3%
Halimo
3%
Hazal
3%
Hazel
3%
Henriina
3%
Hoda
3%
Hodo
3%
Hoodo
3%
Hope
3%
Houda
3%
Huda
3%
Habiba
2%
Habibo
2%
Habiibo
2%
Harper
2%
Haya
2%
Heloisa
2%
Hildi
2%
Hilpe
2%
Hadia
1%
Hadiya
1%
Hafsa
1%
Hafso
1%
Hamda
1%
Hamdi
1%
Hamida
1%
Hamide
1%
Hatice
1%
Heba
1%
Hebe
1%
Hiba
1%
Hibaaq
1%
Hibaq
1%
Hibo
1%
Hoang
1%
Haddy
0%
Hadil
0%
Hajar
0%
Hajer
0%
Hakima
0%
Hanadi
0%
Hanifa
0%
Hanife
0%
Hasna
0%
Hasti
0%
Havin
0%
Hawraa
0%
Hayat
0%
Helianna
0%
Helny
0%
Hidajete
0%
Hilal
0%
Hillervo
0%
Hoai
0%
Hodan
0%
Homa
0%
Hosna
0%
Htoo
0%
Huong
0%
Husna
0%
Huynh
0%
Ehtoja vastaavia visoja ei löytynyt
Tulosjakauma
Jokaisen tuloksen saaneiden osuus
Persentiili vastausten määrän mukaan
Tuloshistoriasi
Et ole pelannut tätä visaa